banner-ar

مونتيفردى (Record no. 46429)

MARC details
000 -الفاتح
حقل البيانات ثابتة الطول 00712nam a2200205Ia 4500
005 - وقت وتاريخ اخر تعامل مع التسجيلة
رقم الضبط 20240530104321.0
008 - عناصر البيانات ثابتة الطول - معلومات عامة
حقل البيانات ثابتة الطول 140319s1993 le c 000 0 ara d
040 ## - مصدر الفهرسة
وكالة الفهرسة الأصلية GCL /
وكالة النسخ GCL
082 04 - رقم تصنيف ديوى العشرى
رقم التصنيف 785.92/
رقم المادة م م
100 1# - المدخل الرئيسى - إسم شخصى
الإسم الشخصى مدبك، جورج
245 10 - بيان العنوان
العنوان مونتيفردى
بقية العنوان : كلوديو مونتيفردى = Claudio Monteverdi /
بيان المسئوليه,etc اعداد جورج مدبك
260 ## - PUBLICATION, DISTRIBUTION, ETC. (IMPRINT)
تاريخ النشر أو التوزيع 1993.
300 ## - الوصف المادى
التعداد متعدد :
تفاصيل ماديه اخرى للوعاء صور ؛
أبعاد الوعاء 19 سم.
490 0# - بيان السلسلة
عنوان السلسلة عالم الموسيقين ؛
رقم المجلد/ التعيين التسلسلي 1.
650 04 - المدخل الاضافى بالموضوع-مصطلح موضوعى
مصطلح موضوعي التراجم
650 04 - المدخل الاضافى بالموضوع-مصطلح موضوعى
مصطلح موضوعي الموسيقيون الايطاليون
650 04 - المدخل الاضافى بالموضوع-مصطلح موضوعى
مصطلح موضوعي الموسيقيون
التقسيم الفرعي الشكلي تراجم
942 ## - عناصر المدخل الإضافي( كوها)
مصدر التصنيف او مخطط الترفيف Dewey Decimal Classification
Koha [default] item type كتاب
260 ## - PUBLICATION, DISTRIBUTION, ETC. (IMPRINT)
-- بيروت :
-- دار الراتب الجامعية،
Holdings
حالة التراجع حالة الفقد حالة تلف ليس للاعارة المكان المؤقت الموقع الحالى تاريخ الاكتساب اجمالي اﻻعارات رقم الطلب الباركود تاريخ اخر مشاهدة تاريخ تفعيل السعر نوع وعاء كوها مصدر التصنيف او خطة الترفيف موقع الترفيف
        مكتبة القاهرة الكبرى مكتبة القاهرة الكبرى 03/26/2014   785.092\د م 113039 03/26/2014 03/26/2014 كتاب    
        مكتبة القاهرة الكبرى مكتبة القاهرة الكبرى 04/15/2019   785.092 د م 165798 04/15/2019 04/15/2019 كتاب ddc  
        مكتبة القاهرة الكبرى مكتبة القاهرة الكبرى 06/18/2019   785.092 د م 165982 06/18/2019 06/18/2019 كتاب ddc  

Powered By

EGPV